Bosnia and Herzegovina A to Ž - Statistics

General Stats
  • This quiz has been taken 140 times
    89 since last reset
  • The average score is 21 of 30
Answer Stats
Letter Hint Answer % Correct
C Country with which Bosnia and Herzegovina shares the longest border. Croatia
97%
M City known for its iconic Old Bridge. Mostar
92%
B Second-largest city in Bosnia and Herzegovina. Banja Luka
90%
F Austrian Archduke assassinated in the capital city in 1914. Franz Ferdinand
88%
S Capital city of Bosnia and Herzegovina. Sarajevo
88%
D River on the border between Bosnia and Herzegovina and Serbia. Drina
83%
Bosnia's most capped footballer and all-time top goal scorer. Edin Džeko
83%
O International sporting events held in 1984. Olympics
83%
Ć Sausage made from minced beef. Ćevapi
81%
T Third-largest city of Bosnia and Herzegovina. Tuzla
76%
N One of the largest rivers of the eastern part of the Adriatic basin. Neretva
74%
G First name of musician Bregović. Goran
72%
I First president of the Presidency of Bosnia and Herzegovina. Alija Izetbegović
69%
A Nobel Prize winner born near Travnik in 1892. Ivo Andrić
69%
U River and national park in Bosnia and Herzegovina. Una
69%
H First name of folk singer Džinović. Haris
68%
J Popular ski resort mountain. Jahorina
68%
L Stage name of Fahreta Živojinović (née Jahić), popular folk singer. Lepa Brena
67%
R One of the two entities of BiH located in the north and east of the country Republika Srpska
65%
Z City located in the Bosna river valley, about 70 km north of the capital city. Zenica
65%
NJ Bosnian word for "field". Njiva
64%
LJ City in the West Herzegovina Canton where the Kravica cascades are located. Ljubuški
60%
Ž Popular football club from the capital city. Željezničar
58%
Š City whose literal translation is Wide Hill. Široki Brijeg
56%
Č Pop singer and one of the cultural icons of former Yugoslavia. Zdravko Čolić
56%
V Football club that is named after a nearby mountain. Velež
50%
Đ Actor and comedian who starred in hit comedy series "Top lista nadrealista" Branko Đurić
46%
E Poem by Aleksa Šantić that became a popular sevdalinka song. Emina
46%
P One of the best female sevdah performers of the 20th century. Hanka Paldum
43%
K One of three national parks in Bosnia and Herzegovina. Kozara
43%
No matching quizzes found
Score Distribution
Percent of People with Each Score
Percentile by Number Answered
Your Score History
You have not taken this quiz since the last reset